| 000 | 01185cam a22003614a 4500 | ||
|---|---|---|---|
| 001 | 15794003 | ||
| 003 | OSt | ||
| 005 | 20140310182857.0 | ||
| 008 | 090628s2008 ph b 000 0 eng | ||
| 010 | _a 2009316653 | ||
| 020 | _a9789715064804 | ||
| 040 |
_aDLC _cDLC |
||
| 041 | 0 |
_aeng _atgl |
|
| 042 | _alcode | ||
| 050 | 0 | 0 |
_aPR 9550.5 _b.Ag283 2008 |
| 082 |
_aFIL 899.211 _b.Ag211 2008 |
||
| 100 | 1 | _aAguila, Augusto Antonio A. | |
| 245 | 1 | 0 |
_aPhilippine literatures _btexts, themes, approaches _cAguila, Augusto Antonio A. |
| 260 |
_aManila _bUniversity of Santo Tomas Pub. House _cc2008 |
||
| 300 |
_axix, 468 p. _c26 cm. |
||
| 504 | _aIncludes bibliographical references (p. 459-468). | ||
| 521 | _aCollege Student | ||
| 526 | _c1210L-1700L | ||
| 541 | _j1 | ||
| 546 | _aIn English, some articles in Tagalog. | ||
| 562 | _eFor circulation. 1 copy available in the collection | ||
| 650 | 0 |
_aPhilippine literature (English) _vTextbooks. |
|
| 700 | 1 | _aArriola, Joyce L. | |
| 700 | 1 | _aWigley, John Jack G. | |
| 906 |
_a7 _bcbc _corigode _d3 _encip _f20 _gy-gencatlg |
||
| 942 |
_2lcc _cBK _kFIL |
||
| 999 |
_c17046 _d17046 |
||